| 000 | 00407nam a2200181Ia 4500 | ||
|---|---|---|---|
| 005 | 20250425161720.0 | ||
| 008 | 250425s9999 xx 000 0 und d | ||
| 041 | _aeng | ||
| 082 | _a620.3 | ||
| 100 | _aBISHOP, C.E. | ||
| 245 | 0 | _aVIBRATION | |
| 250 | _a2ND ED. | ||
| 260 | _aLONDON | ||
| 260 |
_aReino Unido _bCAMBRIDGE UNIVERSITY PRESS _c1979 |
||
| 300 | _a164 | ||
| 942 | _c01 | ||
| 010 | _a26500 | ||
| 999 |
_c214639 _d214639 |
||